000 00708nam a2200229 a 4500
001 BRCA_4006
005 20190320204518.0
008 160110s1913----nyua######---#000-0#eng-#
041 _aeng
044 _anyu
050 4 _aND673.M4
_b.W67 1913
245 1 0 _aThe Work of Hans Memling Reproduced in one Hundred and Ninety-Seven Illustrations with a Biographical Introduction.
260 _aNueva York
_bBrentano´s
_c1913
300 _a23 p.
_bil., 168 láminas
_c26 cm.
440 0 _aClassics in art series
_v11
_910414
500 _aEdición con cantos dorados
500 _aCEF16
600 1 4 _aMemling, Hans
_d1430-1494
_910415
650 1 4 _aPintores flamencos
_97571
902 _aGFM
942 _2lcc
_cB
999 _c3732
_d3732